[Event "World Blitz Women 2017"]
[Site "Riyadh KSA"]
[Date "2017.12.30"]
[Round "19.39"]
[White "Melia, Salome"]
[Black "Fataliyeva, Ulviyya"]
[Result "1-0"]
[WhiteTitle "IM"]
[BlackTitle "WGM"]
[WhiteElo "2404"]
[BlackElo "2384"]
[WhiteFideId "13602446"]
[BlackFideId "13403052"]
[EventDate "2017.12.29"]

1. b3 e6 2. Bb2 d5 3. e3 Nf6 4. f4 c5 5. Nf3 Nc6 6. g3 b6 7. Bg2 Bb7 8. O-O g6
9. Qe2 Bg7 10. c4 O-O 11. d3 a5 12. Nc3 d4 13. Nb5 dxe3 14. Ne5 Nxe5 15. Bxb7
Qxd3 16. Qg2 Neg4 17. Rad1 Qf5 18. Bxa8 e2 19. Qxe2 Rxa8 20. h3 Nh6 21. Nd6 Qxh3
22. Qg2 Qh5 23. Qxa8+ 1-0

[Event "World Blitz Women 2017"]
[Site "Riyadh KSA"]
[Date "2017.12.30"]
[Round "19.40"]
[White "Rapport, Jovana"]
[Black "Enkhtuul, Altan-Ulzii"]
[Result "1-0"]
[WhiteTitle "WGM"]
[BlackTitle "WGM"]
[WhiteElo "2299"]
[BlackElo "2344"]
[WhiteFideId "937266"]
[BlackFideId "4901444"]
[EventDate "2017.12.29"]

1. d4 Nf6 2. Nc3 d5 3. Bf4 c6 4. e3 g6 5. Be2 Bg7 6. Nf3 O-O 7. Ne5 Nbd7 8. Qd2
Nxe5 9. Bxe5 Nd7 10. Bxg7 Kxg7 11. h4 h5 12. g4 hxg4 13. Bxg4 Nf6 14. Be2 Rh8
15. O-O-O Bg4 16. Rdg1 Bh5 17. f3 Qd7 18. Kb1 Rad8 19. Nd1 Qf5 20. Rg5 Qd7 21.
Nf2 c5 22. Nd3 c4 23. Nf4 e6 24. Rhg1 Qb5 25. e4 Kf8 26. e5 Nd7 27. c3 Nb6 28.
Bd1 a5 29. Bc2 a4 30. Nxh5 Rxh5 31. Rxh5 gxh5 32. Qh6+ Ke8 33. Rg8+ Kd7 34.
Rxd8+ Kxd8 35. Qxh5 a3 36. b3 cxb3 37. axb3 Qf1+ 38. Ka2 Qc1 39. Qg5+ Qxg5 40.
hxg5 Nd7 41. Kxa3 Nb8 42. f4 Nc6 43. Kb2 Ke7 44. Kc1 Kf8 45. Bd3 b6 46. Bb5 Ne7
47. Kd2 Ng6 48. Ke3 Ke7 49. Bd3 Nf8 50. c4 dxc4 51. bxc4 Nd7 52. f5 exf5 53.
Bxf5 Nb8 54. Be4 Nd7 55. Kd3 Ke6 56. Kc3 Nf8 57. Kb4 Ke7 58. Bf5 Kd8 59. Kb5 Kc7
60. d5 Kb7 61. e6 fxe6 62. dxe6 Kc7 63. e7 Nd7 64. e8=Q Nc5 65. Qc6+ Kb8 66.
Qxb6+ Ka8 67. Qxc5 Kb7 68. Be4+ Kb8 69. Bf5 Kb7 70. Qc6+ Ka7 71. Bc8 Kb8 72.
Qb7# 1-0

[Event "World Blitz Women 2017"]
[Site "Riyadh KSA"]
[Date "2017.12.30"]
[Round "19.41"]
[White "Mamedjarova, Turkan"]
[Black "Assaubayeva, Bibisara"]
[Result "1-0"]
[WhiteTitle "WGM"]
[BlackTitle "FM"]
[WhiteElo "2260"]
[BlackElo "2381"]
[WhiteFideId "13402005"]
[BlackFideId "13708694"]
[EventDate "2017.12.29"]

1. d4 Nf6 2. Nf3 g6 3. Bf4 Bg7 4. e3 O-O 5. h3 d6 6. Bc4 b6 7. Nbd2 Bb7 8. O-O
Nbd7 9. Re1 Qe8 10. Bh2 e5 11. dxe5 dxe5 12. c3 Qe7 13. e4 Rad8 14. Qc2 Ne8 15.
Nf1 Nd6 16. Bd5 c6 17. Bb3 Nc5 18. Rad1 Nxb3 19. axb3 c5 20. c4 f5 21. exf5 Bxf3
22. gxf3 Nxf5 23. Qe4 Nd4 24. Rd3 Qd7 25. Kg2 Rde8 26. Nd2 Rf5 27. h4 Ref8 28.
Qd5+ Qxd5 29. cxd5 Rd8 30. Nc4 b5 31. Ne3 Rf7 32. Ra1 Nxf3 33. Bg3 e4 34. Rdd1
Bxb2 35. Ra5 Nd4 36. d6 Bc3 37. Ra6 Nxb3 38. Nd5 Bd4 39. Ne7+ Kf8 40. Nc6 Rdd7
41. Ra3 c4 42. Nxd4 Nxd4 43. Rxd4 b4 44. Ra4 b3 45. Rdxc4 Rb7 46. Be5 b2 47.
Rc8# 1-0

[Event "World Blitz Women 2017"]
[Site "Riyadh KSA"]
[Date "2017.12.30"]
[Round "19.42"]
[White "Li, Ruofan"]
[Black "Bivol, Alina"]
[Result "0-1"]
[WhiteTitle "IM"]
[BlackTitle "WGM"]
[WhiteElo "2351"]
[BlackElo "2356"]
[WhiteFideId "8600643"]
[BlackFideId "4100123"]
[EventDate "2017.12.29"]

1. d4 Nf6 2. c4 g6 3. Nc3 Bg7 4. e4 d6 5. Nf3 O-O 6. h3 a6 7. Be3 Nbd7 8. Be2 c5
9. d5 b5 10. cxb5 axb5 11. Bxb5 Nxe4 12. O-O Nxc3 13. bxc3 Bxc3 14. Bh6 Bg7 15.
Qd2 Nf6 16. a4 Bb7 17. Bc4 Ba6 18. Rfc1 Bxc4 19. Rxc4 Qa5 20. Qg5 Rfb8 21. Bxg7
Kxg7 22. Rh4 Ng8 23. Re4 h6 24. Qe3 Rb4 25. Nh4 Rxe4 26. Qxe4 Qc3 27. Ra2 Ra7
28. Qg4 Nf6 29. Qe2 Nxd5 30. g3 Qb4 31. Qc2 Nf6 32. Nf3 d5 33. Ne5 c4 34. Nc6
Qe1+ 35. Kg2 Rc7 36. Nd4 e5 37. Nb5 Rb7 38. a5 Rxb5 39. a6 Rb8 40. a7 Ra8 41.
Qa4 d4 42. f3 Qb1 43. Qxc4 d3 44. Qc6 Qxa2+ 0-1

[Event "World Blitz Women 2017"]
[Site "Riyadh KSA"]
[Date "2017.12.30"]
[Round "19.43"]
[White "Ovod, Evgenija"]
[Black "Atalik, Ekaterina"]
[Result "1/2-1/2"]
[WhiteTitle "IM"]
[BlackTitle "IM"]
[WhiteElo "2364"]
[BlackElo "2451"]
[WhiteFideId "4131827"]
[BlackFideId "4130189"]
[EventDate "2017.12.29"]

1. d4 Nf6 2. Bg5 e6 3. Nd2 c5 4. e4 cxd4 5. e5 Qa5 6. Nf3 Ne4 7. Bf4 Nxd2 8.
Bxd2 Qb6 9. Bd3 Nc6 10. O-O Be7 11. Qe2 Qxb2 12. Rfb1 Qa3 13. Rb3 Qc5 14. Rb5
Qa3 15. Rb3 Qc5 16. Rb5 Qa3 1/2-1/2

[Event "World Blitz Women 2017"]
[Site "Riyadh KSA"]
[Date "2017.12.30"]
[Round "19.44"]
[White "Vijayalakshmi, Subbaraman"]
[Black "Savina, Anastasia"]
[Result "1/2-1/2"]
[WhiteTitle "IM"]
[BlackTitle "IM"]
[WhiteElo "2357"]
[BlackElo "2350"]
[WhiteFideId "5004098"]
[BlackFideId "4196872"]
[EventDate "2017.12.29"]

1. Nf3 d5 2. g3 g6 3. Bg2 Bg7 4. d4 Nf6 5. Be3 c6 6. Qc1 Bf5 7. O-O O-O 8. c4
dxc4 9. Nbd2 b5 10. Ne5 Nd5 11. Ne4 f6 12. Bh6 fxe5 13. Bxg7 Kxg7 14. dxe5 Bxe4
15. Bxe4 Nd7 16. f4 Qb6+ 17. Kh1 Nc5 18. Bf3 Ne6 19. h4 Rad8 20. a4 Qe3 21. axb5
Qxc1 22. Rfxc1 cxb5 23. Rxa7 Kf7 24. Rca1 Nd4 25. Kg2 Nxf3 26. Kxf3 c3 27. bxc3
Rc8 28. Rb7 Rxc3+ 29. Kf2 b4 30. Raa7 Re8 31. e4 Rc2+ 32. Kf3 Rc3+ 33. Kf2 Ne3
34. Rxb4 Ng4+ 35. Kg2 Rd8 36. Rb2 Rdd3 37. Rbb7 Rxg3+ 38. Kf1 Rgf3+ 39. Ke2 Rf2+
40. Kd1 Rf1+ 41. Kd2 Rcf3 42. Rxe7+ Kf8 43. Rf7+ Ke8 44. Rxh7 R1f2+ 45. Ke1 Rf1+
46. Ke2 R1f2+ 47. Ke1 Rf1+ 48. Kd2 R1f2+ 49. Kc1 Rf1+ 50. Kd2 R1f2+ 51. Ke1 Rf1+ 1/2-1/2

[Event "World Blitz Women 2017"]
[Site "Riyadh KSA"]
[Date "2017.12.30"]
[Round "19.45"]
[White "Fierro Baquero, Martha L."]
[Black "Albzoor, Anwar"]
[Result "1-0"]
[WhiteTitle "IM"]
[BlackTitle "WFM"]
[WhiteElo "2369"]
[BlackElo "1595"]
[WhiteFideId "3600270"]
[BlackFideId "11500522"]
[EventDate "2017.12.29"]

1. e4 e6 2. Nf3 d5 3. Nc3 dxe4 4. Nxe4 Nf6 5. Nxf6+ Qxf6 6. d4 Qd8 7. Bd3 Be7 8.
O-O O-O 9. Qe2 Nc6 10. c3 b6 11. Qe4 f5 12. Qxc6 Bd7 13. Qc4 Bd6 14. Qb3 a5 15.
a4 Qe7 16. Bb5 Bxb5 17. Qxb5 Rad8 18. Bg5 Rf6 19. Rae1 Qf7 20. Ne5 1-0

[Event "World Blitz Women 2017"]
[Site "Riyadh KSA"]
[Date "2017.12.30"]
[Round "20.2"]
[White "Gunina, Valentina"]
[Black "Padmini, Rout"]
[Result "1-0"]
[WhiteTitle "GM"]
[BlackTitle "IM"]
[WhiteElo "2510"]
[BlackElo "2324"]
[WhiteFideId "4167570"]
[BlackFideId "5029295"]
[EventDate "2017.12.29"]

1. e4 c5 2. Nf3 e6 3. d4 cxd4 4. Nxd4 Nc6 5. Nc3 Qc7 6. Be3 a6 7. Qf3 Nf6 8. Be2
Nxd4 9. Bxd4 e5 10. Be3 d6 11. Qg3 h6 12. O-O b5 13. f3 b4 14. Na4 Rb8 15. c3
Bd7 16. Bd1 bxc3 17. Nxc3 Rxb2 18. Rc1 Qb7 19. Bb3 Be7 20. Nd5 Rxb3 21. Qxg7
Nxd5 22. Qxh8+ Bf8 23. Bxh6 Be6 24. Qxf8+ Kd7 25. axb3 1-0

[Event "World Blitz Women 2017"]
[Site "Riyadh KSA"]
[Date "2017.12.30"]
[Round "20.3"]
[White "Ushenina, Anna"]
[Black "Tan, Zhongyi"]
[Result "1-0"]
[WhiteTitle "GM"]
[BlackTitle "GM"]
[WhiteElo "2416"]
[BlackElo "2517"]
[WhiteFideId "14110911"]
[BlackFideId "8603642"]
[EventDate "2017.12.29"]

1. d4 Nf6 2. Nf3 e6 3. Bf4 d5 4. e3 Bd6 5. Bxd6 Qxd6 6. c4 O-O 7. Nc3 Nbd7 8.
Bd3 dxc4 9. Bxc4 c5 10. O-O a6 11. dxc5 Qxc5 12. Qd4 Qxd4 13. Nxd4 b5 14. Be2
Bb7 15. Nb3 Rac8 16. Rac1 Nc5 17. Na5 Ba8 18. Rfd1 Nd5 19. Nxd5 Bxd5 20. b3 f5
21. f3 Kf7 22. Rc3 b4 23. Rc2 Rc7 24. Rdc1 Rfc8 25. Kf1 e5 26. Rd1 Be6 27. Rd6
Ke7 28. Rb6 e4 29. Rxb4 exf3 30. gxf3 Bd5 31. Rb6 Nd7 32. Rxc7 Rxc7 33. Rxa6
Rc1+ 34. Kf2 Rc2 35. Nc4 Nc5 36. Ra7+ Kf6 37. Ke1 f4 38. exf4 Ne6 39. Ne3 Rc5
40. b4 Rc1+ 41. Kd2 Nxf4 42. Nxd5+ Ke5 43. Kxc1 Nxe2+ 44. Kd2 Nd4 45. Nc3 Nxf3+
46. Ke3 Ng5 47. Ra5+ 1-0

[Event "World Blitz Women 2017"]
[Site "Riyadh KSA"]
[Date "2017.12.30"]
[Round "20.4"]
[White "Ju, Wenjun"]
[Black "Cramling, Pia"]
[Result "1-0"]
[WhiteTitle "GM"]
[BlackTitle "GM"]
[WhiteElo "2567"]
[BlackElo "2450"]
[WhiteFideId "8603006"]
[BlackFideId "1700030"]
[EventDate "2017.12.29"]

1. Nf3 d5 2. g3 g6 3. Bg2 Bg7 4. O-O e5 5. d3 Ne7 6. Nbd2 O-O 7. e4 Nbc6 8. c3
a5 9. Qc2 h6 10. Re1 Re8 11. b3 d4 12. Bb2 dxc3 13. Bxc3 Nb4 14. Bxb4 axb4 15.
h3 Nc6 16. Nc4 Be6 17. Kh2 Qd7 18. Rad1 Rad8 19. Qb2 Kh7 20. Rd2 f6 21. Ne3 Nd4
22. Nxd4 Qxd4 23. Qc2 c6 24. h4 h5 25. Bh3 Bh6 26. Bxe6 Rxe6 27. Rdd1 Bxe3 28.
Rxe3 Ra8 29. Qe2 Re7 30. Rd2 Ra5 31. g4 hxg4 32. Qxg4 Qd7 33. Qg2 Ra8 34. Rg3
Rg7 35. Rg4 Rh8 36. Kg1 f5 37. Rg5 Qf7 38. f3 Kg8 39. Qg3 Rh6 40. Rg2 Kf8 41.
exf5 Qe7 42. fxg6 Qc5+ 43. Rf2 Qd4 44. h5 Re7 45. Rf5+ Kg8 46. Qg5 Qd7 47. Qf6
Qe8 48. Rg2 Rh8 1-0

[Event "World Blitz Women 2017"]
[Site "Riyadh KSA"]
[Date "2017.12.30"]
[Round "20.5"]
[White "Lagno, Kateryna"]
[Black "Goryachkina, Aleksandra"]
[Result "1-0"]
[WhiteTitle "GM"]
[BlackTitle "WGM"]
[WhiteElo "2547"]
[BlackElo "2486"]
[WhiteFideId "14109336"]
[BlackFideId "4147103"]
[EventDate "2017.12.29"]

1. e4 Nf6 2. e5 Nd5 3. d4 d6 4. Nf3 Bf5 5. Bd3 Bxd3 6. Qxd3 e6 7. O-O dxe5 8.
Nxe5 Nd7 9. c4 N5f6 10. Qf3 Rb8 11. Nc3 Be7 12. Bf4 O-O 13. Rad1 Qc8 14. d5 exd5
15. Nxd5 Nxd5 16. Rxd5 Nxe5 17. Bxe5 Qe6 18. Qg3 Bf6 19. Bxc7 Rbc8 20. b3 a6 21.
Be5 Bxe5 22. Rxe5 Qf6 23. h3 h6 24. Rd1 Rfe8 25. Rdd5 Rxe5 26. Qxe5 Qxe5 27.
Rxe5 Kf8 28. Kf1 Rd8 29. Ke2 f6 30. Rd5 Re8+ 31. Kd2 Ke7 32. a4 Rc8 33. a5 Ke6
34. f4 Rc7 35. f5+ Ke7 36. g4 Rc8 37. Kd3 Rc7 38. b4 Rc8 39. Kd4 Rc7 40. b5 Rc8
41. bxa6 bxa6 42. c5 Rb8 43. Rd6 Rb4+ 44. Kd5 Rb3 45. Rxa6 Rxh3 46. Ra7+ Kd8 47.
a6 Ra3 48. c6 Ra4 49. Rxg7 Rxa6 50. Kd6 Ke8 51. Rg8+ Kf7 52. Rd8 Rb6 53. Kd7 Rb2
54. c7 Rd2+ 55. Kc6 Rc2+ 56. Kb6 1-0

[Event "World Blitz Women 2017"]
[Site "Riyadh KSA"]
[Date "2017.12.30"]
[Round "20.7"]
[White "Abdumalik, Zhansaya"]
[Black "Mammadzada, Gunay"]
[Result "1-0"]
[WhiteTitle "IM"]
[BlackTitle "WGM"]
[WhiteElo "2449"]
[BlackElo "2333"]
[WhiteFideId "13703544"]
[BlackFideId "13403729"]
[EventDate "2017.12.29"]

1. e4 c5 2. Nf3 d6 3. d4 cxd4 4. Nxd4 Nf6 5. Nc3 a6 6. h3 e6 7. g4 Nfd7 8. Bg2
Be7 9. Be3 Nc6 10. h4 Nde5 11. Qe2 Bd7 12. g5 b5 13. f4 Nc4 14. Nxc6 Bxc6 15.
Bc1 Rc8 16. b3 Qa5 17. Rh3 Na3 18. Bxa3 Qxa3 19. Qd2 h6 20. Qc1 Qc5 21. Qe3
Qxe3+ 22. Rxe3 hxg5 23. hxg5 e5 24. f5 Bxg5 25. Rd3 b4 26. Ne2 Bb5 27. c4 bxc3
28. Rxc3 Ke7 29. a4 Bxe2 30. Rxc8 Rxc8 31. Kxe2 Rc2+ 32. Kf3 Rc3+ 33. Kf2 Bh4+
34. Kg1 Rxb3 35. Rc1 Kd7 36. Bf1 Bg5 37. Rc2 Be3+ 38. Kg2 a5 39. Bb5+ Kd8 40.
Bc4 Rb4 41. Kf3 Bc5 42. Bb5 Rb3+ 43. Kg2 Ke7 44. Re2 Kf6 45. Kf1 Rb1+ 46. Re1
Rxe1+ 47. Kxe1 Kg5 48. Ke2 Kf4 49. Kd3 g5 50. f6 g4 51. Be8 g3 52. Bxf7 g2 53.
Bd5 g1=Q 54. f7 Qg7 55. Kc4 Qf8 56. Kb5 Qe7 57. Kxa5 Ke3 58. Kb5 Kd4 59. a5 Kc3
60. a6 Qf8 61. Kc6 Qc8+ 62. Kb5 Be3 63. Bc6 Bh6 64. a7 Bf8 65. a8=Q Qxa8 66.
Bxa8 Kd4 67. Bd5 Ke3 68. Kc6 Kf4 69. Kd7 Kg5 70. Ke8 Bg7 71. f8=Q 1-0

[Event "World Blitz Women 2017"]
[Site "Riyadh KSA"]
[Date "2017.12.30"]
[Round "20.8"]
[White "Kulon, Klaudia"]
[Black "Hoang, Thanh Trang"]
[Result "1-0"]
[WhiteTitle "WGM"]
[BlackTitle "GM"]
[WhiteElo "2370"]
[BlackElo "2439"]
[WhiteFideId "1131044"]
[BlackFideId "12400149"]
[EventDate "2017.12.29"]

1. c4 f5 2. g3 Nf6 3. Bg2 g6 4. d3 d6 5. Nc3 Bg7 6. e4 Nc6 7. Nge2 e5 8. O-O O-O
9. Rb1 a5 10. f4 fxe4 11. dxe4 Be6 12. Nd5 Qd7 13. Qd3 Rae8 14. a3 Rf7 15. f5
gxf5 16. exf5 Bxd5 17. cxd5 Ne7 18. Nc3 b6 19. Bg5 Kh8 20. Rbc1 Qd8 21. h3 h6
22. Bh4 Neg8 23. g4 Qd7 24. Rfe1 Nh7 25. Nb5 Rc8 26. Rc6 Bf6 27. Bxf6+ Nhxf6 28.
Rec1 Ne8 29. a4 Ngf6 30. Qe2 Qe7 31. Rxb6 Nd7 32. Rbc6 Nc5 33. Nxd6 Nxd6 34.
R1xc5 e4 35. Qe3 Qf6 36. Qc3 Qxc3 37. bxc3 Re8 38. Kf2 e3+ 39. Ke2 h5 40. Rxc7
hxg4 41. hxg4 Rg7 42. Rxg7 Kxg7 43. Rc6 Nf7 44. Re6 Rc8 45. Rxe3 Rc4 46. Bf3
Rxa4 47. Kd3 Rf4 48. Bd1 Nd6 49. Re7+ Kf8 50. Ra7 Rf1 51. Ba4 1-0

[Event "World Blitz Women 2017"]
[Site "Riyadh KSA"]
[Date "2017.12.30"]
[Round "20.9"]
[White "Lei, Tingjie"]
[Black "Javakhishvili, Lela"]
[Result "1-0"]
[WhiteTitle "GM"]
[BlackTitle "IM"]
[WhiteElo "2528"]
[BlackElo "2449"]
[WhiteFideId "8605114"]
[BlackFideId "13601458"]
[EventDate "2017.12.29"]

1. Nf3 c5 2. e4 Nc6 3. Bb5 e6 4. O-O Nge7 5. Re1 Ng6 6. c3 a6 7. Bf1 Be7 8. d4
cxd4 9. cxd4 d5 10. e5 O-O 11. g3 f6 12. exf6 Bxf6 13. Nc3 Qd6 14. a3 Bd7 15.
Bg2 Rae8 16. h4 Qc7 17. Be3 Nge7 18. Rc1 Nf5 19. Bf4 Qb6 20. Na4 Qa7 21. Nc5 Bc8
22. Be5 Bxe5 23. dxe5 Qb6 24. Qd2 Na5 25. b4 Nc4 26. Qc3 Qc7 27. Nd3 Bd7 28. Nf4
b5 29. Nd4 Kh8 30. Bh3 Nxd4 31. Qxd4 Qc8 32. Nd3 Qc7 33. Nc5 Bc8 34. Rc3 Rf7 35.
Rf1 Qe7 36. f4 Ref8 37. Bg2 h6 38. Rd3 Rf5 39. Rc3 R5f7 40. Rcf3 Rf5 41. Bh3
R5f7 42. Kh2 Qd8 43. Bg2 Qe7 44. Bh3 Kg8 45. Qd3 Kh8 46. R1f2 Qe8 47. Qg6 Re7
48. Qd3 Ref7 49. Bg4 Re7 50. Rf1 Qf7 51. Qd1 Qe8 52. Qe2 Qf7 53. R3f2 Qe8 54.
Bh5 Qd8 55. Bg6 Qc7 56. Qd3 Qd8 57. Qc3 d4 58. Qd3 Ne3 59. Ne4 Nxf1+ 60. Rxf1
Bb7 61. Nd6 Bd5 62. Qxd4 Qc7 63. Qd3 Rc8 64. Nxc8 Qxc8 65. Rf2 Bc4 66. Qe3 Bd5
67. Be4 Bc4 68. f5 exf5 69. Bxf5 Qe8 70. e6 Qc6 71. Qe5 Qb6 72. Rd2 Bxe6 73. Re2
Bxf5 74. Qxe7 Qd4 75. Qf8+ Kh7 76. Qxf5+ 1-0

[Event "World Blitz Women 2017"]
[Site "Riyadh KSA"]
[Date "2017.12.30"]
[Round "20.10"]
[White "Paehtz, Elisabeth"]
[Black "Nechaeva, Marina"]
[Result "1/2-1/2"]
[WhiteTitle "IM"]
[BlackTitle "IM"]
[WhiteElo "2464"]
[BlackElo "2424"]
[WhiteFideId "4641833"]
[BlackFideId "4149351"]
[EventDate "2017.12.29"]

1. e4 c6 2. d4 d5 3. exd5 cxd5 4. Bf4 Bf5 5. c3 e6 6. Qb3 Qb6 7. Nf3 Qxb3 8.
axb3 Bxb1 9. Rxb1 Nc6 10. b4 a6 11. Ra1 Rc8 12. b5 axb5 13. Bxb5 Kd8 14. Bxc6
bxc6 15. Ne5 Ke8 16. Ra7 Be7 17. Ke2 f6 18. Nd3 g5 19. Bg3 Nh6 20. Rha1 Nf5 21.
Rb7 Kf7 22. Raa7 Rhe8 23. Nc5 h5 24. Bc7 Ra8 25. h3 Rxa7 26. Rxa7 Rc8 27. Ba5
Nd6 28. Bb4 Nb5 29. Rb7 Rc7 30. Rb8 h4 31. Nd3 Bxb4 32. Nxb4 Nd6 33. Rb6 Nc4 34.
Rxc6 Rxc6 35. Nxc6 Nxb2 36. Na5 Na4 37. Kd3 Ke7 38. Nc6+ Kd6 39. Nb4 Nb2+ 1/2-1/2

[Event "World Blitz Women 2017"]
[Site "Riyadh KSA"]
[Date "2017.12.30"]
[Round "20.11"]
[White "Krush, Irina"]
[Black "Pham, Le Thao Nguyen"]
[Result "1/2-1/2"]
[WhiteTitle "GM"]
[BlackTitle "IM"]
[WhiteElo "2431"]
[BlackElo "2354"]
[WhiteFideId "2012782"]
[BlackFideId "12401226"]
[EventDate "2017.12.29"]

1. c4 e6 2. Nc3 d5 3. d4 Nf6 4. cxd5 exd5 5. Bg5 c6 6. e3 Be7 7. Bd3 Bg4 8. Nge2
Bh5 9. O-O Bg6 10. Nf4 Nbd7 11. Rb1 O-O 12. Nxg6 hxg6 13. Qc2 Re8 14. b4 a6 15.
Na4 Ne4 16. Bxe7 Qxe7 17. Nc5 Nd6 18. a4 Nb6 19. b5 cxb5 20. axb5 a5 21. Qa2 a4
22. Rfe1 Ra5 23. h3 Kh7 24. Rb4 f5 25. Ra1 Rea8 26. Qd2 a3 27. Ra2 Nbc4 28. Bxc4
Nxc4 29. Qc3 b6 30. Nd3 Qd7 31. Qb3 Qd6 32. Nf4 Rc8 33. h4 Qd7 34. g3 Qd6 35.
Kg2 Qe7 36. Qb1 Qd6 37. Qe1 Nb2 38. Qd2 Nc4 39. Qe1 Nb2 40. Qd2 Nc4 1/2-1/2

[Event "World Blitz Women 2017"]
[Site "Riyadh KSA"]
[Date "2017.12.30"]
[Round "20.12"]
[White "Zhu, Chen"]
[Black "Michna, Marta"]
[Result "0-1"]
[WhiteTitle "GM"]
[BlackTitle "WGM"]
[WhiteElo "2423"]
[BlackElo "2377"]
[WhiteFideId "8600546"]
[BlackFideId "1106686"]
[EventDate "2017.12.29"]

1. e4 e6 2. d3 c5 3. Nf3 Nc6 4. g3 g6 5. Bg2 Bg7 6. Nbd2 Nge7 7. O-O d6 8. c3 a6
9. Re1 b5 10. h4 h6 11. Nf1 Bb7 12. d4 cxd4 13. cxd4 d5 14. e5 Nf5 15. Ne3 Rc8
16. Nxf5 gxf5 17. Be3 Nb4 18. Re2 a5 19. a3 Nc6 20. Rc1 Ne7 21. Rec2 Rc4 22. Bf1
O-O 23. Bxc4 dxc4 24. d5 Nxd5 25. Bc5 Re8 26. Bd6 Qd7 27. Nd4 Ba8 28. Qe2 Qb7
29. f3 Rd8 30. Rd2 Qa7 31. Kh2 Kh8 32. Nxb5 Qb6 33. Nc3 f4 34. Nxd5 Bxd5 35.
gxf4 Rg8 36. Qf2 Qd8 37. Rg1 Qa8 38. Qg3 Bxf3 39. Rf2 Be4 40. Re2 Bd3 41. Reg2
Bg6 42. Rf2 h5 43. Qf3 Qd8 44. Rg5 Bh6 45. Rxh5 Bxh5 46. Qxh5 Rg6 47. Rg2 Kg7
48. Rxg6+ fxg6 49. Qg4 Qe8 50. h5 Qf7 51. hxg6 Qxf4+ 52. Qxf4 Bxf4+ 53. Kg2 Bc1
54. Kf3 Bxb2 55. Ke4 a4 56. Ke3 Kxg6 57. Ke4 Kg5 58. Bc5 Kg4 59. Bd6 Kg3 60. Ke3
Kg2 61. Ke2 Bd4 62. Bc7 Kg3 63. Kd2 Kf4 64. Kc2 Bxe5 65. Ba5 Ke4 66. Bd2 Bd4 67.
Bb4 e5 68. Be7 Kd5 69. Bg5 Bc5 70. Bc1 Bd4 71. Bd2 e4 72. Bc1 e3 0-1

[Event "World Blitz Women 2017"]
[Site "Riyadh KSA"]
[Date "2017.12.30"]
[Round "20.13"]
[White "Zhukova, Natalia"]
[Black "Szczepkowska, Karina"]
[Result "1-0"]
[WhiteTitle "GM"]
[BlackTitle "IM"]
[WhiteElo "2444"]
[BlackElo "2419"]
[WhiteFideId "14101513"]
[BlackFideId "1122681"]
[EventDate "2017.12.29"]

1. c4 c5 2. Nf3 Nc6 3. d4 cxd4 4. Nxd4 g6 5. e4 Bg7 6. Be3 Nf6 7. Nc3 Ng4 8.
Qxg4 Nxd4 9. Qd1 Nc6 10. Qd2 d6 11. Be2 O-O 12. O-O Be6 13. Rac1 Ne5 14. b3 Ng4
15. Bd4 Bxd4 16. Qxd4 Ne5 17. h3 Nc6 18. Qd2 f6 19. Kh2 Qa5 20. f4 Bf7 21. Bf3
Rac8 22. Rfe1 a6 23. a4 Qb6 24. Rb1 Qd4 25. Qb2 Nb4 26. Rbd1 Qb6 27. Qd2 Nc6 28.
Rb1 Qd4 29. Qb2 Qb6 30. Kh1 Nd4 31. Qf2 e5 32. f5 Qb4 33. Re3 b5 34. axb5 axb5
35. fxg6 hxg6 36. Bg4 Be6 37. Bxe6+ Nxe6 38. Nd5 Qc5 39. Ne7+ Kg7 40. Nxc8 Rxc8
41. cxb5 Qxb5 42. Rf3 Rf8 43. Rc1 Qd7 44. Ra1 Nd4 45. Rc3 Rf7 46. Rac1 Qb7 47.
Qa2 Qxe4 48. Rc7 Rxc7 49. Rxc7+ Kh6 50. Qd2+ g5 51. Rd7 Nf5 52. Kh2 Ne3 53. Qf2
Nf5 54. b4 d5 55. b5 d4 56. b6 d3 57. b7 d2 58. b8=Q 1-0

[Event "World Blitz Women 2017"]
[Site "Riyadh KSA"]
[Date "2017.12.30"]
[Round "20.14"]
[White "Stefanova, Antoaneta"]
[Black "Bodnaruk, Anastasia"]
[Result "1-0"]
[WhiteTitle "GM"]
[BlackTitle "IM"]
[WhiteElo "2500"]
[BlackElo "2428"]
[WhiteFideId "2902257"]
[BlackFideId "4181751"]
[EventDate "2017.12.29"]

1. d4 Nf6 2. Nf3 g6 3. Nc3 d5 4. Bf4 Bg7 5. e3 O-O 6. h3 c6 7. Be2 Nbd7 8. O-O
Ne4 9. Nxe4 dxe4 10. Nd2 f5 11. f3 exf3 12. Nxf3 h6 13. Bc4+ Kh7 14. Qe2 Nf6 15.
Be5 e6 16. Bd3 Qe7 17. e4 Bd7 18. Rae1 Rae8 19. exf5 exf5 20. Qd2 Nh5 21. c4 Be6
22. Qc3 Bxe5 23. Rxe5 Qg7 24. Rfe1 Bd7 25. Qb4 Nf4 26. Bf1 b6 27. Re7 Rxe7 28.
Rxe7 Rf7 29. Rxf7 Qxf7 30. Qd6 Nxh3+ 31. gxh3 Be8 32. Ne5 Qg7 33. Bg2 c5 34.
dxc5 bxc5 35. Qxc5 h5 36. Qd6 f4 37. c5 h4 38. Be4 Qh6 39. Qe7+ Qg7 40. Qxg7+
Kxg7 41. c6 Kf6 42. c7 1-0

[Event "World Blitz Women 2017"]
[Site "Riyadh KSA"]
[Date "2017.12.30"]
[Round "20.15"]
[White "Khotenashvili, Bela"]
[Black "Hoang, Thi Bao Tram"]
[Result "1-0"]
[WhiteTitle "GM"]
[BlackTitle "WGM"]
[WhiteElo "2476"]
[BlackElo "2410"]
[WhiteFideId "13602640"]
[BlackFideId "12401102"]
[EventDate "2017.12.29"]

1. c4 c6 2. d4 d5 3. Nf3 Nf6 4. Nc3 g6 5. e3 Bg7 6. Be2 O-O 7. O-O a6 8. a4 Be6
9. Qb3 Ra7 10. c5 Bg4 11. h3 Bxf3 12. Bxf3 Nfd7 13. Qc2 e5 14. Rd1 a5 15. Rb1 e4
16. Be2 f5 17. b4 axb4 18. Rxb4 Rf7 19. Bd2 Nf8 20. Rdb1 Ne6 21. f4 exf3 22.
Bxf3 Na6 23. Rb6 f4 24. Ne2 fxe3 25. Bxe3 Nb8 26. Bg4 Nf8 27. Nf4 Re7 28. Bf2
Re4 29. Ne2 Qe7 30. Bf3 Re6 31. Nf4 Rf6 32. Bxd5+ cxd5 33. Nxd5 Kh8 34. Nxf6
Bxf6 35. Re1 Qg7 36. Qc4 Nbd7 37. Rd6 Ra8 38. d5 Ne5 39. Qb5 Rc8 40. Re6 Nfd7
41. c6 bxc6 42. dxc6 Nf8 43. R6xe5 Bxe5 44. Rxe5 Rxc6 45. Qxc6 Qxe5 46. Qc4 Qa1+
47. Kh2 Qe5+ 48. Bg3 Qf6 49. a5 Nd7 50. Qd5 Qe7 51. a6 Nb6 52. Qd4+ Kg8 53. Qxb6 1-0